000 00544nam a2200133Ia 4500
008 160809s9999 xx 000 0 und d
100 _aYankovskaya, Anna.
245 _aFamily of 2-Simplex Cognitive Tools and their Applications for Decision-Making and its Justifications Full Text
245 _cYankovskaya Anna and Yamshanov Artem, Tomsk State University of Control Systems.
260 _bComputer Science and Information Technology
260 _cJanuary 2016
650 _xINFORMATION TECHNOLOGY
856 _uhttp://airccse.org/V6N48.html
999 _c300033
_d300033